000 00537nam a2200205Ia 4500
003 OSt
005 20230403101132.0
008 210423s2003 xx 000 0 und d
020 _a324107846
040 _cAL
041 _aeng
082 _a657 EVAT
_223
100 _aEVANS (Thomas G).
_982184
245 _aAccounting theory: contemporary accounting issues.
260 _aAustralia
_bThomson
_c2003
300 _axix,366
_bPB
365 _b895
_cINR
906 _aAccounting ; contemporary ; issues. ; theory:
942 _2ddc
_cBK
999 _c158538
_d158538